<?xml version="1.0" encoding="UTF-8"?>
<record
    xmlns:xsi="http://www.w3.org/2001/XMLSchema-instance"
    xsi:schemaLocation="http://www.loc.gov/MARC21/slim http://www.loc.gov/standards/marcxml/schema/MARC21slim.xsd"
    xmlns="http://www.loc.gov/MARC21/slim">

  <leader>02062cam a22003134i 4500</leader>
  <controlfield tag="003">PE-LiUPU</controlfield>
  <controlfield tag="005">20250812101643.0</controlfield>
  <controlfield tag="008">1950    xxka    rb    000 0 hrv d</controlfield>
  <datafield tag="020" ind1=" " ind2=" ">
    <subfield code="a">ABS-1950-10M</subfield>
  </datafield>
  <datafield tag="035" ind1=" " ind2=" ">
    <subfield code="a">PE-LiUPUXXXXX</subfield>
  </datafield>
  <datafield tag="040" ind1=" " ind2=" ">
    <subfield code="a">PE-LiUPU</subfield>
    <subfield code="b">hrv</subfield>
    <subfield code="c">PE-LiUPU</subfield>
    <subfield code="e">rda</subfield>
  </datafield>
  <datafield tag="041" ind1="1" ind2=" ">
    <subfield code="a">hrv</subfield>
    <subfield code="h">heb</subfield>
  </datafield>
  <datafield tag="082" ind1="0" ind2="4">
    <subfield code="a">220.53497</subfield>
    <subfield code="b">S968</subfield>
    <subfield code="2">23</subfield>
  </datafield>
  <datafield tag="245" ind1="1" ind2="0">
    <subfield code="a">Sveto pismo :</subfield>
    <subfield code="b">staroga i novoga zavjeta /</subfield>
    <subfield code="c">traducido por G. J. Dani&#x10D;i&#x107;.</subfield>
  </datafield>
  <datafield tag="264" ind1=" " ind2="1">
    <subfield code="a">Njujork ;</subfield>
    <subfield code="a">London :</subfield>
    <subfield code="b">Izdanje Britanskoga i inostranoga biblijskoga dru&#x161;tva,</subfield>
    <subfield code="c">1950.</subfield>
  </datafield>
  <datafield tag="300" ind1=" " ind2=" ">
    <subfield code="a">[xxxii], 731 p&#xE1;ginas ;</subfield>
    <subfield code="c">22 cm</subfield>
  </datafield>
  <datafield tag="336" ind1=" " ind2=" ">
    <subfield code="a">text</subfield>
    <subfield code="2">rdacontent</subfield>
  </datafield>
  <datafield tag="337" ind1=" " ind2=" ">
    <subfield code="a">unmediated</subfield>
    <subfield code="2">rdamedia</subfield>
  </datafield>
  <datafield tag="338" ind1=" " ind2=" ">
    <subfield code="a">volume</subfield>
    <subfield code="2">rdacarrier</subfield>
  </datafield>
  <datafield tag="500" ind1=" " ind2=" ">
    <subfield code="a">Texto b&#xED;blico en croata, traducci&#xF3;n directa del hebreo y griego.</subfield>
  </datafield>
  <datafield tag="500" ind1=" " ind2=" ">
    <subfield code="a">Incluye &#xED;ndice de libros del Antiguo y Nuevo Testamento.</subfield>
  </datafield>
  <datafield tag="505" ind1="0" ind2=" ">
    <subfield code="a">Prva knjiga Mojsijeva -- Druga knjiga Mojsijeva -- Tre&#x107;a knjiga Mojsijeva -- &#x10C;etvrta knjiga Mojsijeva -- Peta knjiga Mojsijeva -- Knjiga Jo&#x161;ue Navina -- Knjiga sudijama -- Knjiga o Ruti -- Prva knjiga Samuilova -- Druga knjiga Samuilova -- Prva knjiga o carevima -- Druga knjiga o carevima -- Prva knjiga dnevnika -- Druga knjiga dnevnika -- Knjiga Ezdrina -- Knjiga Nehemijina -- Knjiga o Esteri -- Knjiga o Jobu -- Psalmi Davidovi -- Pri&#x10D;e Salamonove -- Pjesma nad pjesmama -- Knjiga proroka Isaije -- Knjiga proroka Jeremije -- Pla&#x10D; Jeremijin -- Knjiga proroka Ezekijela -- Knjiga proroka Danijela -- Knjiga proroka Ozeja -- Knjiga proroka Joela -- Knjiga proroka Amosa -- Knjiga proroka Abdije -- Knjiga proroka Jone -- Knjiga proroka Miheje -- Knjiga proroka Nauma -- Knjiga proroka Habakuka -- Knjiga proroka Sofonije -- Knjiga proroka Ageja -- Knjiga proroka Zaharije -- Knjiga proroka Malahije.</subfield>
  </datafield>
  <datafield tag="630" ind1=" " ind2="0">
    <subfield code="a">Biblia.</subfield>
    <subfield code="v">Versiones croatas.</subfield>
    <subfield code="9">6524</subfield>
  </datafield>
  <datafield tag="700" ind1=" " ind2=" ">
    <subfield code="a">Dani&#x10D;i&#x107;, G. J.,</subfield>
    <subfield code="e">traductor.</subfield>
    <subfield code="9">6501</subfield>
  </datafield>
  <datafield tag="700" ind1=" " ind2=" ">
    <subfield code="a">Karad&#x17E;i&#x107;, Vuk Stefanovi&#x107;,</subfield>
    <subfield code="e">traductor.</subfield>
    <subfield code="9">6502</subfield>
  </datafield>
  <datafield tag="710" ind1=" " ind2=" ">
    <subfield code="a">British and Foreign Bible Society,</subfield>
    <subfield code="e">editor.</subfield>
    <subfield code="9">6503</subfield>
  </datafield>
  <datafield tag="942" ind1=" " ind2=" ">
    <subfield code="2">ddc</subfield>
    <subfield code="c">BK</subfield>
  </datafield>
  <datafield tag="980" ind1=" " ind2=" ">
    <subfield code="8">18226</subfield>
    <subfield code="g">Jaime Vilcaz&#xE1;n Jefe de An&#xE1;lisis Documental</subfield>
  </datafield>
  <datafield tag="999" ind1=" " ind2=" ">
    <subfield code="c">44068</subfield>
    <subfield code="d">44068</subfield>
  </datafield>
  <datafield tag="952" ind1=" " ind2=" ">
    <subfield code="r">2025-12-02 00:00:00</subfield>
    <subfield code="i">6</subfield>
    <subfield code="l">0</subfield>
    <subfield code="o">220.53497 S968</subfield>
    <subfield code="p">53992</subfield>
    <subfield code="t">e1</subfield>
    <subfield code="v">15.00</subfield>
    <subfield code="w">2015-06-25</subfield>
    <subfield code="x">FACTEO</subfield>
    <subfield code="y">BK</subfield>
    <subfield code="z">inventario-2023-12-13</subfield>
    <subfield code="1">0</subfield>
    <subfield code="2">ddc</subfield>
    <subfield code="5">0</subfield>
    <subfield code="7">0</subfield>
    <subfield code="8">GEN</subfield>
    <subfield code="f">P35</subfield>
    <subfield code="a">BUL</subfield>
    <subfield code="b">BUL</subfield>
    <subfield code="c">GEN</subfield>
    <subfield code="d">2015-06-25</subfield>
    <subfield code="e">COMPRA</subfield>
    <subfield code="g">10.00</subfield>
  </datafield>
</record>
